00412nam a2200181Ia 4500003000400000005001700004006001900021007000300040008004100043024001000084037001200094040002000106041001300126082001600139100002100155245004500176260000900221OSt20220928145159.0a|||||r|||| 00| 0 ta220927b |||||||| |||| 00| 0 eng d a79319 cTextual aSDCLcSDCLbeng 2engaeng aV2y7M69, M4 aBatra Shakti Co. 0aQuintessence of Gandhi in his own words. c1984